S2 : Histoire Contemporaine Dates - Statistiques

Statistiques générales
  • Ce quiz a été pris 39 fois
    27 depuis la dernière actualisation
  • Le résultat moyen est 72 sur 139
Statistiques - réponses
Événement Date % Correct
Attentat de Nice. | Référendum du Brexit au Royaume-Uni. | Élection de Donald Trump. 2016
90%
La France entre dans la guerre froide après la signature du traité de Dunkerque, destiné à contrer une éventuelle future agression allemande. 1947
86%
Printemps de Prague et répression soviétique en Tchécoslovaquie. | Révoltes de mai, marquées par des protestations de la jeunesse contre un système perçu comme obsolète 1968
81%
Effets de la crise économique ressentis, mort de Georges Pompidou, élection de Valéry Giscard d’Estaing (premier président non gaulliste). 1974
81%
Introduction de l'euro en tant que monnaie en circulation. | Le congrès international des mathématiciens se tient à Pékin. | Opposition de la France à la notion de « guerre contre le terrorisme ». 2002
81%
Intervention de l’OTAN au Kosovo sans mandat onusien. | Introduction de l'euro comme monnaie officielle. 1999
76%
Attentats du 11 septembre, un tournant dans l'histoire de la puissance américaine. | Création de l’Organisation de Coopération de Shanghai (OCS). | La Chine rejoint l'OMC et s'intègre davantage dans l'économie mondiale. 2001
76%
Crise économique mondiale. | Les Jeux olympiques de Pékin, un exemple de l'influence croissante de la Chine sur la scène mondiale. | Élection de Barack Obama. 2008
76%
Annexion de la Crimée par la Russie / Début de la guerre du Donbass. 2014
76%
Conférence de Yalta (définition de la structure finale de l’ONU)/Signature de la Charte des Nations Unies à San Francisco par 50 États. | L'année de la fin de la Seconde Guerre mondiale, où les États-Unis deviennent une superpuissance mondiale | La France est à un tournant après la Seconde Guerre mondiale. Elle connaît un déclin relatif de son influence mondiale, mais elle reste dans le camp des alliés. La France fait partie des nations victorieuses et dispose d’un siège permanent au Conseil de sécurité de l'ONU. 1945
71%
Richard Nixon visite la Chine, marquant un rapprochement avec les États-Unis. 1972
71%
Intégration de la Grèce à la CEE. | Proclamation de l’état de siège en Pologne par Jaruzelski. | Élection de François Mitterrand (premier président socialiste de la Ve République). Début de la politique de relance. 1981
71%
Discours de Mitterrand : « Le nationalisme, c'est la guerre ! » | Jacques Chirac est élu président, succédant à Mitterrand. 1995
71%
Intervention militaire des États-Unis en Irak. | Opposition de la France à l’intervention militaire des États-Unis en Irak / Discours de Dominique de Villepin à l’ONU 2003
71%
Déclaration universelle des droits de l’homme (DUDH). 1948
67%
Discours-programme “De la dictature démocratique populaire” de Mao Zedong. | La France rejoint l'OTAN, marquant un tournant dans ses relations militaires avec les États-Unis et d'autres puissances occidentales. | Signature du traité de Londres créant le Conseil de l'Europe. 1949
67%
Discours de Schuman le 9 mai, fondation de la CECA. | Pacte sino-soviétique signé. 1950
67%
Mort de Mao Zedong, fin de la Révolution culturelle et début de l'ascension de Deng Xiaoping. | Reprise du mouvement ouvrier en Pologne. 1976
67%
Acte unique européen → accélération du marché commun. | Catastrophe de Tchernobyl. | Intégration de l'Espagne et du Portugal à la CEE. | Première cohabitation (Mitterrand - Chirac). 1986
67%
Accord de paix de Oslo signé sous Bill Clinton. | Adoption du concept de "socialisme de marché" dans la constitution chinoise. 1993
67%
Crise financière mondiale qui fragilise les États-Unis. | Signature du traité de Lisbonne. | Élection de Nicolas Sarkozy à la présidence de la République / Discours de Dakar sur l’Afrique. 2007
67%
Création de la Société des Nations (SDN) après la Première Guerre mondiale. 1919
62%
Discours de Churchill sur les États-Unis d'Europe (septembre). 1946
62%
Création des camps de rééducation (Lao gai). | Signature du traité de Paris créant la CECA. 1951
62%
Signature du traité de Rome créant la CEE et la CEEA. 1957
62%
De Gaulle revient au pouvoir en tant que président de la Vème République. Il adopte une politique de décolonisation pragmatique et met en place une nouvelle constitution. 1958
62%
Désaccords sur la crise des missiles de Cuba et le conflit sino-indien. 1962
62%
Le choc pétrolier, conséquence de la guerre de Kippour. 1973
62%
Deng Xiaoping prend le pouvoir et amorce les réformes économiques, marquées par l'ouverture du pays. | Élection de Jean-Paul II, Pape. 1978
62%
Première élection du Parlement européen au suffrage universel direct. 1979
62%
Signature de l'Acte unique européen. | Signature du traité de désarmement de Washington. 1987
62%
Manifestations de la Place Tiananmen, suivies de la répression violente par l'armée. | Premières élections semi-démocratiques en URSS, victoire de Solidarnosc en Pologne, et la Révolution de Velours en Tchécoslovaquie. 1989
62%
Signature du traité de Paris sur les arsenaux classiques, élections libres en RDA, et fin du soutien soviétique aux régimes communistes. 1990
62%
Dissolution du Pacte de Varsovie, fin de l'URSS et effondrement des régimes communistes en Europe de l'Est. | Fin de la guerre froide avec la chute de l'URSS, marquant l’émergence des États-Unis comme une hyperpuissance unipolaire. | La Chine rejoint la coopération économique pour l'Asie-Pacifique. | Moratoire sur les essais nucléaires déclaré par Mitterrand. 1991
62%
Signature du traité de Maastricht, acte fondateur de l'Union européenne. 1992
62%
Génocide des Tutsis au Rwanda, la France impliquée via l’opération Turquoise. 1994
62%
Mort de François Mitterrand. 1996
62%
Élection de Joe Biden. 2020
62%
Invasion de l’Ukraine par la Russie → usage du véto russe. 2022
62%
Installation définitive du siège de l’ONU à New York. 1952
57%
Mise en place du premier plan quinquennal en Chine, inspiré du modèle soviétique. | Mort de Staline et début de la déstalinisation sous Khrouchtchev. 1953
57%
Entrée de la RFA dans l'OTAN et signature du Pacte de Varsovie. 1955
57%
Création de la délégation interministérielle à l'aménagement du territoire pour piloter le développement des infrastructures en France. | Signature du traité de l'Élysée, création du couple franco-allemand. | Signature d’un traité de non-prolifération nucléaire entre l'URSS, les États-Unis et le Royaume-Uni. 1963
57%
La Chine obtient l'arme nucléaire. 1964
57%
En France, 8,7 millions d’ouvriers (38,6 % de la population active). | Fin de la détente, début de la "Guerre froide" avec la reprise des initiatives soviétiques. | L'opération Condor soutenue par les États-Unis en Amérique latine. | +2 others 1975
57%
L'élargissement le plus important de l'UE avec 10 nouveaux membres (pays d'Europe centrale et orientale). 2004
57%
Élection de François Hollande à la présidence de la République / Attentats de Mohamed Merah à Toulouse. 2012
57%
Attentats de Paris / COP21 et signature de l’Accord de Paris sur le climat. 2015
57%
Le Royaume-Uni entame sa sortie de l'Union européenne. 2017
57%
Retrait unilatéral des États-Unis d'Afghanistan. 2021
57%
Résolution 1514 de l’ONU sur la décolonisation. 1960
52%
Retrait du corps de Staline du Mausolée de la Place rouge. | Rupture complète entre la Chine et l'URSS. 1961
52%
En France,Taux de chômage atteint 4 % (un million de chômeurs). 1977
52%
Rapprochement avec le Royaume-Uni concernant Hong Kong. 1984
52%
Conférence de Dumbarton Oaks. 1944
48%
Émeutes de la Baltique en Pologne. 1970
48%
Adoption de la quatrième constitution de la RPC. | Mort de Brejnev, Andropov lui succède. 1982
48%
Gorbatchev devient secrétaire général du PCUS. 1985
48%
Intervention militaire en Libye contre Kadhafi. 2011
48%
Blocus de la réforme du Conseil de sécurité sur le conflit syrien. 2013
48%
Conférence de Moscou (affirmation du projet d’une organisation internationale)/Conférence de Téhéran. 1943
43%
Émeutes à Berlin-Est, révoltes en Pologne et en Hongrie. 1956
43%
Limogeage de Peng Duhai après la conférence de Lushan, Liu Shaoqi devient président. 1959
43%
Création du syndicat Solidarnosc en Pologne. 1980
43%
Tournant de la rigueur (politique économique libérale). 1983
43%
Principe de R2P (Responsabilité de protéger). | Rejet du projet de constitution européenne par les Français. 2005
43%
Pacte Briand-Kellogg (condamne la guerre comme instrument politique). 1928
33%
Signature de la Charte de l’Atlantique par Roosevelt et Churchill. 1941
33%
La loi Johnson-Reed est adoptée, limitant l'immigration. 1924
29%
Création du comité antifasciste juif. | Signature de la Déclaration des Nations Unies à Washington par 26 États. 1942
29%
Période de la guerre froide, caractérisée par la rivalité entre les États-Unis et l'URSS. 1947-1991
29%
Guerre de Corée, impliquant l’intervention militaire des États-Unis. 1950-1953
24%
Guerre civile en Russie, période de consolidation de l'URSS. 1917-1922
14%
Première guerre du Golfe, la France soutient les Américains. 1990-1991
14%
Projet de paix perpétuelle d’Emmanuel Kant. 1795
10%
Période où Andropov est à la tête de l'URSS. 1983-1984
10%
Troisième cohabitation Chirac (RPR) - Jospin (PS). 1997-2002
10%
Achèvement du chemin de fer transcontinental aux États-Unis. 1869
5%
La France cherche à compenser la perte démographique suite à la guerre franco-prussienne, ce qui pousse à une politique coloniale. | Les États-Unis deviennent le premier producteur mondial de pétrole. 1870
5%
"Quinquennat d'or", période de réforme Kossyguine en URSS. 1965-1970
5%
Accords d’Helsinki, la France joue un rôle majeur. 1973-1975
5%
Deuxième cohabitation Mitterrand (PS) - Balladur (RPR). 1993-1995
5%
Projet pour rendre la paix perpétuelle en Europe de l’abbé de Saint-Pierre. 1713
0%
Purges et répressions en URSS, notamment en Lituanie et dans les États baltes. 1947-1949
0%
Période où la frontière devient un élément fondamental de la politique soviétique. 1951-1952
0%
La campagne antidroitier et le Grand Bond en avant. 1957-1958
0%
Guerre du Vietnam, intervention militaire des États-Unis. 1963-1975
0%
Développement de la consommation intérieure sous Brejnev. 1970-1975
0%
Période où Brejnev mise sur le développement économique. 1971-1975
0%
Croissance du PIB français autour de 2 % par an. 1973-1995
0%
Premiers députés du Front national élus. 1986-1988
0%
La Chine échappe à la crise financière asiatique en raison de son contrôle strict de la monnaie. 1997-1998
0%
Période de modernisation économique, avec des réformes dans l'agriculture et l'industrialisation. Années 1960
0%
Croissance française autour de 5 % par an. début années 1970
0%
Aucun quiz correspondant
Distribution des résultats
% des personnes avec chaque résultat
Percentile par nombre de réponses
Votre historique - résultats
Vous n’avez pas pris ce quiz depuis la dernière actualisation